Central Library OPAC University of Rajshahi

Random wavelets and cybernetic systems / (Record no. 13169)

MARC details
000 -LEADER
fixed length control field 00878cam a22002891 4500
001 - CONTROL NUMBER
control field 13169
003 - CONTROL NUMBER IDENTIFIER
rucl marc code BD-RjUL
005 - DATE AND TIME OF LATEST TRANSACTION
control field 20211208235421.0
008 - FIXED-LENGTH DATA ELEMENTS--GENERAL INFORMATION
fixed length control field 140130s1962 enk 001 0 eng d
035 ## - SYSTEM CONTROL NUMBER
System control number (BD-RjUL)13220
System control number (OCoLC)456510
040 ## - CATALOGING SOURCE
Original cataloging agency DLC
Transcribing agency NhD
Modifying agency DLC
-- (BD-RjUL)
Language of cataloging eng
041 ## - LANGUAGE CODE
Language code of text/sound track or separate title eng
082 04 - DEWEY DECIMAL CLASSIFICATION NUMBER
Classification number 629.8
Author mark and year ROR 1962
100 1# - MAIN ENTRY--PERSONAL NAME
Personal name Robinson, Enders A.
9 (RLIN) 26678
245 10 - TITLE STATEMENT
Title Random wavelets and cybernetic systems /
Statement of responsibility, etc. Robinson, Enders A.
260 ## - PUBLICATION, DISTRIBUTION, ETC. (IMPRINT)
Place of publication, distribution, etc. London :
Name of publisher, distributor, etc. Charles Griffin & Company Lit.,
Date of publication, distribution, etc. 1962.
300 ## - PHYSICAL DESCRIPTION
Pagination 125p. :
Illustrations illus. ;
Size 22cm.
504 ## - BIBLIOGRAPHY, ETC. NOTE
Bibliography, etc Includes bibliography and Index
650 #0 - SUBJECT ADDED ENTRY--TOPICAL TERM
Topical term or geographic name as entry element Automatic control.
9 (RLIN) 40186
Topical term or geographic name as entry element Cybernetics.
9 (RLIN) 41012
700 1# - ADDED ENTRY--PERSONAL NAME
Personal name Kendall M.G
942 ## - ADDED ENTRY ELEMENTS (KOHA)
Source of classification or shelving scheme Dewey Decimal Classification
Koha item type Books
Holdings
Lost status Source of classification or shelving scheme Damaged status Not for loan Collection code Permanent Location Current Location Shelving location Date acquired Source of acquisition Cost, normal purchase price Total Checkouts Full call number Date last seen Copy number Koha item type
  Dewey Decimal Classification     Non-fiction Central Library, University of Rajshahi Central Library, University of Rajshahi   28/03/1964 Zeithlinger. 34.00   629.8 ROR 1962 30/01/2014 C-2 Books
  Dewey Decimal Classification   Not For Loan Non-fiction Central Library, University of Rajshahi Central Library, University of Rajshahi Reading Room 18/11/1965 Zeithinger 34.00   629.8 ROR 1962 04/06/2017 C-1 Books
  Dewey Decimal Classification     Non-fiction Central Library, University of Rajshahi Central Library, University of Rajshahi   18/11/1965 Zeithinger 34.00   629.8 ROR 1962 04/06/2017 C-3 Books